|
|
|
|
| LEADER |
00000nim0a2200000 4500 |
| 001 |
108935 |
| 005 |
20231101214831.0 |
| 035 |
|
|
|a (RuTPU)RU\TPU\book\117590
|
| 090 |
|
|
|a 108935
|
| 100 |
|
|
|a 20070129d1993 m y0gery50 ba
|
| 101 |
0 |
|
|a ger
|
| 102 |
|
|
|a DE
|
| 105 |
|
|
|a y j 000zy
|
| 126 |
|
|
|a ckbujub||||||bu
|
| 127 |
|
|
|a hhmmss
|
| 128 |
|
|
|a zz
|b uu
|c uu
|
| 200 |
1 |
|
|a Das Wunderhorn
|b Electronic resource
|e Eine Volksliedanthologie
|f S. Skudlik
|
| 203 |
|
|
|a Text
|c electronic
|
| 210 |
|
|
|a Bonn
|c Inter Nationes
|d 1993
|
| 215 |
|
|
|a 2 audio-cassette (90 min)
|e буклет
|
| 606 |
1 |
|
|a Немецкий язык
|x Для вузов
|x Пособия по развитию речи
|2 stltpush
|3 (RuTPU)RU\TPU\subj\45398
|9 64640
|
| 610 |
1 |
|
|a лексика
|
| 610 |
1 |
|
|a разговорная речь
|
| 610 |
1 |
|
|a аудиокассеты
|
| 686 |
|
|
|a Ш143.24-923.4
|v LBC/SL-A
|2 rubbk
|
| 700 |
|
1 |
|a Skudlik
|b S.
|g Sabine
|
| 801 |
|
1 |
|a RU
|b 63413507
|c 20070129
|g PSBO
|
| 801 |
|
2 |
|a RU
|b 63413507
|c 20130606
|g PSBO
|
| 942 |
|
|
|c BK
|